Statistics for Difficult Car Identifying Quiz

Click here to take the quiz!

General Stats

  • This quiz has been taken 36 times
  • The average score is 5 of 13

Answer Stats

Answer% Correct
Aston Martin DB11
71%
Citroën 2CV
55%
Porsche 914
55%
Porsche 356
45%
Detomaso Pantera
42%
Morgan Aero
39%
TVR Tuscan
39%
Volkswagen Karmann Ghia
39%
RUF Yellowbird
29%
Mosler MT900
26%
Bricklin SV-1
23%
Mercury Montego
19%
Mustang Bullitt
19%

Score Distribution

Percentile by Number Answered

Percent of People with Each Score

Your Score History

You have not taken this quiz